| 000 | 00414nam a22001457a 4500 | ||
|---|---|---|---|
| 020 | _a918172146655 | ||
| 041 | _aENG | ||
| 082 |
_a240 _bLAI |
||
| 100 | _aMark T B Laing; | ||
| 245 | _aPersecution and suffering : Christian reflections and responses | ||
| 260 |
_aDelhi _bISPCK _c2007 |
||
| 300 | _a137 | ||
| 650 |
_aPersecution -- India -- Congresses. _aSuffering -- Religious aspects -- Congresses. |
||
| 942 | _cBK | ||
| 999 |
_c22972 _d22972 |
||